| 000 | 00569nam a2200181 a 4500 | ||
|---|---|---|---|
| 001 | 000030413 | ||
| 005 | 20200930062311.0 | ||
| 008 | 110517s1989 dr a 000 p spa d | ||
| 040 |
_aDO-SdBNP _bspa _cBNPHU |
||
| 082 |
_axxx _bP744m |
||
| 245 | 0 | 0 |
_aPoemas a las madres / _ceditado por Rodolfo Coiscou Weber. |
| 260 |
_aSanto Domingo : _bCasa Weber, _c1989. |
||
| 300 |
_a57 p. : _bil. ; _c16 cm. |
||
| 490 | 1 |
_aAntologĂa de nuestra voz _v37 |
|
| 700 | 1 |
_aCoiscou Weber, Rodolfo, _d1924-, _eed. _922552 |
|
| 830 | 0 |
_aAntologĂa de nuestra voz; _n37 _957043 |
|
| 049 | _aBNPD | ||
| 999 |
_c29905 _d29905 |
||